A century (Record no. 13687)

MARC details
000 -LEADER
fixed length control field 00553nam a2200181Ia 4500
003 - CONTROL NUMBER IDENTIFIER
control field IN-BaIIA
008 - FIXED-LENGTH DATA ELEMENTS--GENERAL INFORMATION
fixed length control field 211028s9999 xx 000 0 eng d
040 ## - CATALOGING SOURCE
Transcribing agency IIA Library
080 ## - UNIVERSAL DECIMAL CLASSIFICATION NUMBER
Universal Decimal Classification number 5(06)
Item number IND
110 ## - MAIN ENTRY--CORPORATE NAME
Corporate name or jurisdiction name as entry element Indian association for the cultivation of science.
9 (RLIN) 20453
245 #2 - TITLE STATEMENT
Title A century
Statement of responsibility, etc. Indian association for the cultivation of science.
260 ## - PUBLICATION, DISTRIBUTION, ETC.
Place of publication, distribution, etc. Calcutta
Name of publisher, distributor, etc. Indian Association for the Cultivation of Science 
300 ## - PHYSICAL DESCRIPTION
Extent xv, 253p.
650 ## - SUBJECT ADDED ENTRY--TOPICAL TERM
Topical term or geographic name entry element chemistry
650 ## - SUBJECT ADDED ENTRY--TOPICAL TERM
Topical term or geographic name entry element history
9 (RLIN) 7064
650 ## - SUBJECT ADDED ENTRY--TOPICAL TERM
Topical term or geographic name entry element physics
9 (RLIN) 73
942 ## - ADDED ENTRY ELEMENTS (KOHA)
Koha item type Books
Holdings
Withdrawn status Lost status Damaged status Not for loan Home library Current library Shelving location Date acquired Total Checkouts Full call number Barcode Date last seen Price effective from Koha item type
        IIA Library-Bangalore IIA Library-Bangalore General Stacks     5(06)/ IND 14606 05/11/2021   Books

Powered by Koha